| 000 | 00718nam a22002177a 4500 | ||
|---|---|---|---|
| 999 |
_c17545 _d17545 |
||
| 003 | AR-CdUCM | ||
| 008 | 190508b ||||| |||| 00| 0 spa d | ||
| 040 |
_aMUNICIPALIDAD PROVINCIAL DEL CUSCO _cBIBLIOTECA MUNICIPAL DEL CUSCO |
||
| 082 |
_a635.9 / _bG97 |
||
| 100 |
_aGuyot, Lucien _937621 |
||
| 245 | _aHistoria de las flores / | ||
| 260 |
_aBuenos Aires : _bEUDEBA, _c1965. |
||
| 300 |
_a133 paginas ; _c19 cm. |
||
| 505 | _aContenido :Las flores entre los pueblos de la antigüedad --La flores en las artes --Historia de las flores / | ||
| 650 |
_aFlores _920771 |
||
| 650 |
_aHistoria _9136 |
||
| 650 |
_aArte _9561 |
||
| 700 |
_aPierre Gibassier _937622 |
||
| 942 |
_2ddc _cLIBROS |
||
| 945 |
_arjall _d2019-05-08 |
||